| 000 | 00521cam a2200193ua 4500 | ||
|---|---|---|---|
| 020 |
_a0-521-49847-3 _cRs 225.00 |
||
| 041 |
_aeng _h |
||
| 082 |
_a537.074 _bHAY/ST |
||
| 100 | _aHayes, Thomas C. | ||
| 245 |
_aStudent manual for the art of electrons / _cThomas C Hayes. _hTextual Documents |
||
| 250 |
_a2 / _b. |
||
| 260 |
_aCambridge : _bCambridge University Press , _c1995. |
||
| 300 | _a614 ; . | ||
| 365 | _aRs 225.00 | ||
| 504 | _a | ||
| 700 | 1 | _aHorowitz, Paul. | |
| 942 | _cBK | ||
| 999 |
_c298 _d298 |
||